[Event "HUN-chT5"]
[Site "Hungary"]
[Date "2023.02.11"]
[Round "7.5"]
[White "Bodor, Gergely"]
[Black "Varga, Antal"]
[Result "1-0"]
[WhiteElo "1761"]
[BlackElo "1420"]
[PlyCount "37"]
[EventDate "2022.12.03"]
[EventType "team-tourn"]
[EventRounds "9"]
[EventCountry "HUN"]
[SourceTitle "EXT 2024"]
[Source "ChessBase"]
[SourceDate "2023.10.10"]
[SourceVersion "1"]
[SourceVersionDate "2023.10.10"]
[SourceQuality "1"]

1. e4 d5 2. exd5 Nf6 3. d4 Nxd5 4. c4 Nf6 5. Nc3 Bf5 6. Nf3 e6 7. Bd3 Bxd3 8. Qxd3 c5 9. d5 Na6 10. 0-0 Nb4 11. Qe2 Qe7 12. a3 Nbxd5 13. cxd5 Nxd5 14. Nxd5 exd5 15. Qb5+ Qd7 16. Re1+ Kd8 17. Qxd7+ Kxd7 18. Ne5+ Ke6 19. Ng6+ 1-0

[Event "HUN-chT5"]
[Site "Hungary"]
[Date "2023.01.07"]
[Round "6.9"]
[White "Vasenszky, Kata Sara"]
[Black "Bodor, Gergely"]
[Result "0-1"]
[WhiteElo "1162"]
[BlackElo "1761"]
[PlyCount "40"]
[EventDate "2022.12.03"]
[EventType "team-tourn"]
[EventRounds "9"]
[EventCountry "HUN"]
[SourceTitle "EXT 2024"]
[Source "ChessBase"]
[SourceDate "2023.10.10"]
[SourceVersion "1"]
[SourceVersionDate "2023.10.10"]
[SourceQuality "1"]

1. d4 d5 2. c4 Nf6 3. Nc3 e6 4. Nf3 Bb4 5. Bd2 0-0 6. Qc2 c5 7. g3 Nc6 8. Bg2 cxd4 9. Nb5 Bxd2+ 10. Qxd2 Ne4 11. Qc2 Qa5+ 12. Nd2 Nb4 13. Qb3 Nxd2 14. Kxd2 dxc4 15. Qxc4 e5 16. Kd1 Be6 17. Qc5 Rac8 18. Qxe5 Bb3+ 19. Ke1 Nd3+ 20. Kf1 Nxe5 0-1

[Event "HUN-chT Region CSB"]
[Site "Hungary"]
[Date "2022.02.12"]
[Round "5.1"]
[White "Bodor, Gergely"]
[Black "Igler, Szilard"]
[Result "1/2-1/2"]
[WhiteElo "1767"]
[BlackElo "1887"]
[PlyCount "64"]
[EventDate "2021.11.06"]
[EventType "team-swiss"]
[EventRounds "10"]
[EventCountry "HUN"]
[SourceTitle "EXT 2023"]
[Source "ChessBase"]
[SourceDate "2022.10.05"]
[SourceVersion "1"]
[SourceVersionDate "2022.10.05"]
[SourceQuality "1"]
[WhiteTeam "Level KSE"]
[BlackTeam "Tatabanya"]
[WhiteTeamCountry "HUN"]
[BlackTeamCountry "HUN"]

1. e4 c5 2. Nf3 a6 3. d4 cxd4 4. Nxd4 Nf6 5. Nc3 e5 6. Nf3 Bb4 7. Bc4 Qc7 8. Qd3 b5 9. Bb3 Bxc3+ 10. bxc3 Bb7 11. Nd2 Qc6 12. 0-0 0-0 13. Re1 Re8 14. f3 d5 15. exd5 Nxd5 16. Ne4 Nd7 17. Be3 Rac8 18. Bxd5 Qxd5 19. Qxd5 Bxd5 20. Nd6 Red8 21. Nxc8 Rxc8 22. a4 Bc4 23. axb5 Bxb5 24. Bd2 f6 25. Kf2 Nb6 26. Be3 Nd5 27. Ra3 Nxc3 28. Bd2 Nd5 29. Rc1 Kf7 30. c4 Rxc4 31. Rxc4 Bxc4 32. Ba5 Ke7 1/2-1/2

[Event "HUN-chT Region CSB"]
[Site "Hungary"]
[Date "2021.11.06"]
[Round "2.2"]
[White "Bodor, Gergely"]
[Black "Kovacs, Dezso"]
[Result "1-0"]
[WhiteElo "1767"]
[BlackElo "1813"]
[PlyCount "79"]
[EventDate "2021.11.06"]
[EventType "team-swiss"]
[EventRounds "10"]
[EventCountry "HUN"]
[SourceTitle "EXT 2023"]
[Source "ChessBase"]
[SourceDate "2022.10.05"]
[SourceVersion "1"]
[SourceVersionDate "2022.10.05"]
[SourceQuality "1"]
[WhiteTeam "Level KSE"]
[BlackTeam "Sopron MAFC"]
[WhiteTeamCountry "HUN"]
[BlackTeamCountry "HUN"]

1. e4 d5 2. exd5 Qxd5 3. Nc3 Qa5 4. d4 Nf6 5. Bc4 c6 6. Nf3 Bg4 7. 0-0 e6 8. Re1 Bd6 9. h3 Bxf3 10. Qxf3 0-0 11. Bd2 Qc7 12. Ne4 Nxe4 13. Rxe4 Nd7 14. Rae1 Nf6 15. Rh4 Be7 16. Bd3 g6 17. Bg5 Nd5 18. Bxe7 Qxe7 19. Qg3 Rae8 20. c4 Nb6 21. Qf4 f5 22. Qh6 Qg7 23. Qxg7+ Kxg7 24. Rf4 Rf7 25. g4 Rfe7 26. Rf3 h6 27. Rfe3 Kf6 28. f4 a6 29. Kg2 Nd7 30. Kg3 Nb6 31. b3 a5 32. a4 c5 33. d5 exd5 34. Rxe7 Rxe7 35. Rxe7 Kxe7 36. cxd5 Nxd5 37. gxf5 gxf5 38. Bxf5 Ne3 39. Be4 Nf1+ 40. Kg4 1-0

[Event "HUN-chT4 Chalupetzky 1819"]
[Site "Hunagry"]
[Date "2019.02.17"]
[Round "6.1"]
[White "Bokrossy, Bela"]
[Black "Bodor, Gergely"]
[Result "1/2-1/2"]
[WhiteElo "1556"]
[BlackElo "1745"]
[PlyCount "32"]
[EventDate "2018.10.14"]
[EventType "team-tourn"]
[EventRounds "10"]
[EventCountry "HUN"]
[SourceTitle "EXT 2020"]
[Source "ChessBase"]
[SourceDate "2019.10.17"]
[SourceVersion "1"]
[SourceVersionDate "2019.10.17"]
[SourceQuality "1"]
[WhiteTeam "Fertoszentmiklos"]
[BlackTeam "KSE Level"]
[WhiteTeamCountry "HUN"]
[BlackTeamCountry "HUN"]

1. c4 e5 2. d3 Nf6 3. Nc3 Bb4 4. Bd2 d6 5. a3 Bc5 6. e3 0-0 7. Nge2 Bf5 8. Ng3 Bg6 9. b4 Bb6 10. a4 a6 11. Be2 Nbd7 12. 0-0 c6 13. Qb3 Qe7 14. Kh1 Rfe8 15. h3 h6 16. e4 Kh8 1/2-1/2

[Event "HUN-chT4 Chalupetzky 1819"]
[Site "Hunagry"]
[Date "2018.11.25"]
[Round "3.2"]
[White "Petrecz, Gyula"]
[Black "Bodor, Gergely"]
[Result "1-0"]
[WhiteElo "1767"]
[BlackElo "1757"]
[PlyCount "47"]
[EventDate "2018.10.14"]
[EventType "team-tourn"]
[EventRounds "10"]
[EventCountry "HUN"]
[SourceTitle "EXT 2020"]
[Source "ChessBase"]
[SourceDate "2019.10.17"]
[SourceVersion "1"]
[SourceVersionDate "2019.10.17"]
[SourceQuality "1"]
[WhiteTeam "Toltestava Tornado"]
[BlackTeam "KSE Level"]
[WhiteTeamCountry "HUN"]
[BlackTeamCountry "HUN"]

1. e4 e5 2. Bc4 Nf6 3. Nc3 Nc6 4. Nf3 d6 5. h3 Be6 6. Bb5 a6 7. Bxc6+ bxc6 8. d4 exd4 9. Nxd4 Qd7 10. 0-0 h5 11. Qf3 Be7 12. b3 0-0 13. Qg3 g6 14. f4 h4 15. Qf2 Nh5 16. f5 c5 17. Nde2 d5 18. Bh6 Rfe8 19. fxe6 Qxe6 20. Nxd5 Qxe4 21. Qxf7+ Kh8 22. Nef4 Qd4+ 23. Kh2 Bd6 24. Rad1 1-0

[Event "HUN-chT4 Chalupetzky 1819"]
[Site "Hunagry"]
[Date "2018.10.14"]
[Round "1.1"]
[White "Bokrossy, Bela"]
[Black "Bodor, Gergely"]
[Result "0-1"]
[WhiteElo "1556"]
[BlackElo "1752"]
[PlyCount "72"]
[EventDate "2018.10.14"]
[EventType "team-tourn"]
[EventRounds "10"]
[EventCountry "HUN"]
[SourceTitle "EXT 2020"]
[Source "ChessBase"]
[SourceDate "2019.10.17"]
[SourceVersion "1"]
[SourceVersionDate "2019.10.17"]
[SourceQuality "1"]
[WhiteTeam "Fertoszentmiklos"]
[BlackTeam "KSE Level"]
[WhiteTeamCountry "HUN"]
[BlackTeamCountry "HUN"]

1. c4 e5 2. d3 Nf6 3. g3 d5 4. Bg2 Bc5 5. a3 a5 6. cxd5 Nxd5 7. Qb3 c6 8. Nc3 Be6 9. Qc2 Qb6 10. e3 Nxc3 11. bxc3 Bb3 12. Qd2 a4 13. d4 Be7 14. Ne2 0-0 15. 0-0 Rd8 16. f4 Nd7 17. Rb1 Qc7 18. Bb2 Nb6 19. Ra1 Nc4 20. Qc1 exf4 21. gxf4 Qd6 22. e4 Qh6 23. Ng3 g6 24. e5 Qh4 25. Rf3 Ra5 26. Ne4 h5 27. Nf2 Nxb2 28. Qxb2 Bd5 29. Ne4 Bxe4 30. Rh3 Qg4 31. Rg3 Qf5 32. Bh3 Qxf4 33. Rf1 Rb5 34. Qxb5 Qxg3+ 35. hxg3 cxb5 36. e6 f5 0-1

[Event "HUN-chT4 1617"]
[Site "Hungary"]
[Date "2016.11.06"]
[Round "2.3"]
[White "Bihari, Viktor"]
[Black "Bodor, Gergely"]
[Result "0-1"]
[WhiteElo "1650"]
[BlackElo "1781"]
[PlyCount "31"]
[EventDate "2016.10.02"]
[EventType "team-tourn"]
[EventRounds "7"]
[EventCountry "HUN"]
[SourceTitle "EXT 2019"]
[Source "ChessBase"]
[SourceDate "2018.10.10"]
[SourceVersion "1"]
[SourceVersionDate "2018.10.10"]
[SourceQuality "1"]

1. e4 e5 2. f4 d5 3. exd5 e4 4. Bc4 Nf6 5. Nc3 Bg4 6. Nge2 Bc5 7. Na4 Qd6 8. h3 Bxe2 9. Qxe2 0-0 10. Nxc5 Qxc5 11. b4 Qxb4 12. a4 e3 13. 0-0 exd2 14. Bxd2 Qd6 15. Rab1 Re8 16. Bb4 0-1

[Event "HUN-chT4 Chalupetzky 1516"]
[Site "Fertoszentmiklos"]
[Date "2016.04.10"]
[Round "7.4"]
[White "Bodor, Gergely"]
[Black "Toth, Laszlo"]
[Result "1-0"]
[WhiteElo "1773"]
[BlackElo "1706"]
[PlyCount "78"]
[EventDate "2015.10.11"]
[EventType "team-tourn"]
[EventRounds "7"]
[EventCountry "HUN"]
[SourceTitle "EXT 2017"]
[Source "ChessBase"]
[SourceDate "2016.10.25"]
[SourceVersion "1"]
[SourceVersionDate "2016.10.25"]
[SourceQuality "1"]
[WhiteTeam "Level KSE"]
[BlackTeam "Lovo II"]
[WhiteTeamCountry "HUN"]
[BlackTeamCountry "HUN"]

1. e4 c5 2. d4 cxd4 3. c3 g6 4. Nf3 Bg7 5. Bc4 e6 6. cxd4 Qc7 7. Qe2 a6 8. a4 Nc6 9. d5 Na5 10. Na3 Ne7 11. Be3 0-0 12. Rc1 Qb8 13. Ba2 b5 14. axb5 axb5 15. Qxb5 Qxb5 16. Nxb5 Rb8 17. Nc7 Bxb2 18. Rc2 Ba3 19. 0-0 Bd6 20. Rfc1 Ba3 21. Rd1 exd5 22. exd5 Nf5 23. Bd2 Nb7 24. Nb5 Bd6 25. Rb1 Nc5 26. Nxd6 Rxb1+ 27. Bxb1 Nxd6 28. Rxc5 f6 29. Bf4 Nb7 30. Rc7 Re8 31. Ba2 Kf8 32. d6 g5 33. Bg3 Kg7 34. Kf1 Na5 35. h4 g4 36. Nd4 Ba6+ 37. Kg1 Re1+ 38. Kh2 Ra1 39. Rxd7+ Kg6 1-0

[Event "Level op-A 4th"]
[Site "Level"]
[Date "2016.03.12"]
[Round "3"]
[White "Bodor, Gergely"]
[Black "Nemeth, Balint"]
[Result "0-1"]
[WhiteElo "1802"]
[BlackElo "1798"]
[PlyCount "50"]
[EventDate "2016.03.11"]
[EventType "swiss"]
[EventRounds "7"]
[EventCountry "HUN"]
[SourceTitle "EXT 2017"]
[Source "ChessBase"]
[SourceDate "2016.10.25"]
[SourceVersion "1"]
[SourceVersionDate "2016.10.25"]
[SourceQuality "1"]

1. e4 e5 2. Nf3 Nc6 3. Bc4 Bc5 4. c3 Nf6 5. d3 0-0 6. 0-0 h6 7. d4 exd4 8. cxd4 Bb6 9. d5 Ne7 10. e5 Ne8 11. Nc3 d6 12. e6 fxe6 13. dxe6 c6 14. Re1 d5 15. Bb3 Nc7 16. Bc2 Bxe6 17. Rxe6 Nxe6 18. Qd3 Nf5 19. g4 Nc5 20. Qd1 Nd6 21. g5 Nce4 22. Bxe4 Nxe4 23. Qd3 Bxf2+ 24. Kg2 Qd7 25. h3 Qd6 0-1

[Event "Level op-A 4th"]
[Site "Level"]
[Date "2016.03.11"]
[Round "1"]
[White "Bodor, Gergely"]
[Black "Harangozo, Tamas"]
[Result "0-1"]
[WhiteElo "1802"]
[BlackElo "1648"]
[PlyCount "86"]
[EventDate "2016.03.11"]
[EventType "swiss"]
[EventRounds "7"]
[EventCountry "HUN"]
[SourceTitle "EXT 2017"]
[Source "ChessBase"]
[SourceDate "2016.10.25"]
[SourceVersion "1"]
[SourceVersionDate "2016.10.25"]
[SourceQuality "1"]

1. e4 e5 2. Nf3 Nc6 3. Bc4 Nf6 4. d4 Nxe4 5. dxe5 d5 6. Bxd5 Bf5 7. Bxc6+ bxc6 8. Nd4 Bg6 9. 0-0 Qd5 10. c3 Rd8 11. Qa4 Bc5 12. f3 0-0 13. fxe4 Bxe4 14. Rf2 Qxe5 15. Bf4 Qf6 16. Nd2 Bd3 17. Bxc7 Rxd4 18. cxd4 Bxd4 19. Nf3 Bxf2+ 20. Kxf2 Qxb2+ 21. Kg3 Qxa1 22. Be5 Qc1 23. Qd4 f6 24. Bd6 Qc4 25. Bxf8 Qxd4 26. Nxd4 Kxf8 27. Nxc6 a6 28. Nb4 Bc4 29. a3 Ke7 30. Kf4 Ke6 31. Ke4 Bf1 32. g3 h5 33. Nc2 g5 34. Nd4+ Ke7 35. Nf5+ Kf7 36. Kd5 Bd3 37. Nd6+ Kg6 38. Ke6 f5 39. Ke5 h4 40. Nc8 Kh5 41. Nd6 hxg3 42. hxg3 Kg4 43. Kd4 Bb1 0-1

[Event "HUN-chT4a 1516"]
[Site "Hungary"]
[Date "2016.02.27"]
[Round "7.13"]
[White "Boros, Krisztian"]
[Black "Bodor, Gergely"]
[Result "1/2-1/2"]
[WhiteElo "1514"]
[BlackElo "1818"]
[PlyCount "22"]
[EventDate "2015.10.17"]
[EventType "team-tourn"]
[EventRounds "8"]
[EventCountry "HUN"]
[SourceTitle "EXT 2019"]
[Source "ChessBase"]
[SourceDate "2018.10.10"]
[SourceVersion "1"]
[SourceVersionDate "2018.10.10"]
[SourceQuality "1"]

1. e4 e5 2. Nf3 Nc6 3. Bc4 Bc5 4. c3 Nf6 5. d4 exd4 6. cxd4 Bb4+ 7. Bd2 Bxd2+ 8. Nbxd2 d5 9. exd5 Nxd5 10. 0-0 0-0 11. h3 Be6 1/2-1/2

[Event "HUN-chT4a 1516"]
[Site "Hungary"]
[Date "2016.02.06"]
[Round "6.10"]
[White "Bodor, Gergely"]
[Black "Vasvari, Attila"]
[Result "0-1"]
[WhiteElo "1818"]
[BlackElo "1621"]
[PlyCount "42"]
[EventDate "2015.10.17"]
[EventType "team-tourn"]
[EventRounds "8"]
[EventCountry "HUN"]
[SourceTitle "EXT 2019"]
[Source "ChessBase"]
[SourceDate "2018.10.10"]
[SourceVersion "1"]
[SourceVersionDate "2018.10.10"]
[SourceQuality "1"]

1. e4 c5 2. d4 cxd4 3. c3 dxc3 4. Nxc3 Nc6 5. Nf3 d6 6. Bc4 e6 7. 0-0 Nf6 8. Re1 Qc7 9. Nb5 Qb8 10. Bf4 e5 11. Rc1 a6 12. Bxe5 axb5 13. Bxf7+ Kxf7 14. Qb3+ Ke8 15. Ng5 Nxe5 16. f4 h6 17. fxe5 hxg5 18. exf6 gxf6 19. Rcd1 Qa7+ 20. Kh1 Qc5 21. Qd3 Kf7 0-1

[Event "HUN-chT4a 1516"]
[Site "Hungary"]
[Date "2016.02.06"]
[Round "5.13"]
[White "Farkas, Milan"]
[Black "Bodor, Gergely"]
[Result "0-1"]
[WhiteElo "1419"]
[BlackElo "1818"]
[PlyCount "48"]
[EventDate "2015.10.17"]
[EventType "team-tourn"]
[EventRounds "8"]
[EventCountry "HUN"]
[SourceTitle "EXT 2019"]
[Source "ChessBase"]
[SourceDate "2018.10.10"]
[SourceVersion "1"]
[SourceVersionDate "2018.10.10"]
[SourceQuality "1"]

1. d4 d5 2. c4 e6 3. Nc3 Nf6 4. e3 c5 5. Nf3 Nc6 6. Be2 Be7 7. 0-0 0-0 8. Bd2 dxc4 9. dxc5 Bxc5 10. Bxc4 a6 11. Bb3 b5 12. Qe2 Bb7 13. a4 b4 14. Na2 Qb6 15. Rac1 Rac8 16. Qc4 Na5 17. Qd3 Rfd8 18. Qc2 Nxb3 19. Qxb3 Bxf3 20. gxf3 Rxd2 21. Nxb4 Rb8 22. Qc3 Bxb4 23. Qc4 h6 24. Rfd1 Rbd8 0-1

[Event "HUN-chT4a 1415"]
[Site "Hungary"]
[Date "2015.04.12"]
[Round "7.1"]
[White "Kovacs, Dezso"]
[Black "Bodor, Gergely"]
[Result "1/2-1/2"]
[WhiteElo "1881"]
[BlackElo "1790"]
[PlyCount "84"]
[EventDate "2014.10.19"]
[EventType "team-tourn"]
[EventRounds "7"]
[EventCountry "HUN"]
[SourceTitle "EXT 2016"]
[Source "ChessBase"]
[SourceDate "2015.10.08"]
[SourceVersion "1"]
[SourceVersionDate "2015.10.08"]
[SourceQuality "1"]

1. c4 Nf6 2. Nc3 c5 3. g3 e6 4. Bg2 Nc6 5. e4 Be7 6. Nge2 0-0 7. d3 d6 8. 0-0 a6 9. f4 Rb8 10. a3 Nd4 11. Nxd4 cxd4 12. Ne2 e5 13. h3 b5 14. b3 bxc4 15. bxc4 Nd7 16. a4 Qb6 17. Ba3 Nc5 18. Kh2 Bd7 19. a5 Qc7 20. Bxc5 Qxc5 21. Qd2 Rb4 22. Ra2 Rfb8 23. h4 h6 24. Bh3 Qc8 25. Bxd7 Qxd7 26. Rc1 f5 27. exf5 Qxf5 28. Re1 g5 29. Nxd4 exd4 30. Rxe7 gxh4 31. Re4 hxg3+ 32. Kxg3 Kf7 33. Qe1 Rb1 34. Re7+ Kf6 35. Qe4 Rg8+ 36. Kf2 Qh3 37. Qxd4+ Kxe7 38. Re2+ Kd7 39. Qa7+ Kc6 40. Qxa6+ Kc5 41. Qa7+ Kc6 42. Qa6+ Kc5 1/2-1/2

[Event "HUN-chT2 Breyer 1314"]
[Site "Hungary"]
[Date "2014.04.13"]
[Round "8"]
[White "Bodor, Gergely"]
[Black "Szabo, Laszlo3333"]
[Result "1/2-1/2"]
[WhiteElo "1784"]
[BlackElo "2044"]
[PlyCount "111"]
[EventDate "2013.09.08"]
[EventType "team-tourn"]
[EventRounds "9"]
[EventCountry "HUN"]
[SourceTitle "EXT 2016"]
[Source "ChessBase"]
[SourceDate "2015.10.08"]
[SourceVersion "1"]
[SourceVersionDate "2015.10.08"]
[SourceQuality "1"]
[WhiteTeam "Gyor Szechenyi"]
[BlackTeam "Gyor Komszomol"]
[WhiteTeamCountry "HUN"]
[BlackTeamCountry "HUN"]

1. e4 c5 2. Nf3 d6 3. d4 cxd4 4. Nxd4 Nf6 5. Nc3 a6 6. Be2 e5 7. Nb3 Be7 8. 0-0 Be6 9. Be3 Qc7 10. f4 Nbd7 11. Nd5 Bxd5 12. exd5 Nb6 13. Bxb6 Qxb6+ 14. Kh1 Nd7 15. Qd2 0-0 16. c4 Bf6 17. Bg4 Rfd8 18. Rab1 a5 19. Bxd7 Rxd7 20. Qd3 Re7 21. fxe5 Bxe5 22. Nd2 Rc8 23. Ne4 h6 24. b3 Qb4 25. Rbe1 a4 26. c5 axb3 27. axb3 dxc5 28. Qc4 Rd7 29. Nxc5 Qxc4 30. bxc4 Rxc5 31. Rxe5 Rxc4 32. h3 b5 33. d6 Rd4 34. Rxb5 R4xd6 35. Rb8+ Kh7 36. Rb2 Rd3 37. Kh2 h5 38. Rbf2 Kg8 39. Rf3 g6 40. h4 Kg7 41. R1f2 Rxf3 42. Rxf3 Rd4 43. Kh3 f6 44. Rg3 Rd5 45. Ra3 g5 46. g3 g4+ 47. Kg2 Rd2+ 48. Kg1 Kg6 49. Rb3 Kf5 50. Rb5+ Ke4 51. Rxh5 Kf3 52. Rf5+ Kxg3 53. h5 Rg2+ 54. Kf1 Rh2 55. Kg1 Rh4 56. Rxf6 1/2-1/2

[Event "HUN-chT2 Breyer 1314"]
[Site "Hungary"]
[Date "2014.03.23"]
[Round "7"]
[White "Rot, Norbert"]
[Black "Bodor, Gergely"]
[Result "0-1"]
[WhiteElo "1829"]
[BlackElo "1784"]
[PlyCount "86"]
[EventDate "2013.09.08"]
[EventType "team-tourn"]
[EventRounds "9"]
[EventCountry "HUN"]
[SourceTitle "EXT 2016"]
[Source "ChessBase"]
[SourceDate "2015.10.08"]
[SourceVersion "1"]
[SourceVersionDate "2015.10.08"]
[SourceQuality "1"]
[WhiteTeam "Pet"]
[BlackTeam "Gyor Szechenyi"]
[WhiteTeamCountry "HUN"]
[BlackTeamCountry "HUN"]

1. e4 e5 2. Nf3 Nc6 3. Bc4 Nf6 4. Nc3 Nxe4 5. Nxe4 d5 6. Bxd5 Qxd5 7. Nc3 Qd8 8. d3 Bd6 9. 0-0 0-0 10. Re1 Bg4 11. Ne4 b6 12. h3 Bh5 13. Ng3 Bg6 14. Bd2 f5 15. Bc3 Re8 16. b3 e4 17. dxe4 fxe4 18. Nd4 Be5 19. Nxc6 Qxd1 20. Raxd1 Bxc3 21. Re3 Bf6 22. Nb4 c6 23. a4 a5 24. Na2 Rad8 25. Rxd8 Rxd8 26. Ne2 Bg5 27. Rg3 Bh5 28. Nac3 Bxe2 29. Nxe2 Rd1+ 30. Kh2 Rd2 31. h4 Bxh4 32. Re3 Bxf2 33. Rxe4 Rxc2 34. Nf4 Rc3 35. Nh5 Rc5 36. Nf4 Rc3 37. Nh5 Rxb3 38. Rg4 g5 39. Nf6+ Kf7 40. Ne4 Be3 41. Nd6+ Ke6 42. Nc4 Bf4+ 43. g3 h5 0-1